<?xml version="1.0" encoding="UTF-8"?>
<record
    xmlns:xsi="http://www.w3.org/2001/XMLSchema-instance"
    xsi:schemaLocation="http://www.loc.gov/MARC21/slim http://www.loc.gov/standards/marcxml/schema/MARC21slim.xsd"
    xmlns="http://www.loc.gov/MARC21/slim">

  <leader>01916ncm0a22003731  4500</leader>
  <controlfield tag="001">RU\NLR\ONIZ\214473</controlfield>
  <controlfield tag="005">20250625215145.0</controlfield>
  <datafield tag="013" ind1=" " ind2=" ">
    <subfield code="a">979-0-706400-53-2</subfield>
  </datafield>
  <datafield tag="035" ind1=" " ind2=" ">
    <subfield code="a">RU\NLR\ONIZ\GALA\5000028553\20160811173802</subfield>
  </datafield>
  <datafield tag="035" ind1=" " ind2=" ">
    <subfield code="a">(NLR Aleph) 011200807</subfield>
  </datafield>
  <datafield tag="071" ind1="2" ind2="0">
    <subfield code="a">&#x441; 6386 &#x43A;</subfield>
  </datafield>
  <datafield tag="090" ind1=" " ind2=" ">
    <subfield code="a">11921380</subfield>
    <subfield code="c">11921380</subfield>
  </datafield>
  <datafield tag="100" ind1=" " ind2=" ">
    <subfield code="a">20160811d2012    |||y0rusy50      ca</subfield>
  </datafield>
  <datafield tag="101" ind1="0" ind2=" ">
    <subfield code="a">rus</subfield>
  </datafield>
  <datafield tag="102" ind1=" " ind2=" ">
    <subfield code="a">RU</subfield>
  </datafield>
  <datafield tag="125" ind1=" " ind2=" ">
    <subfield code="a">ax</subfield>
  </datafield>
  <datafield tag="200" ind1="1" ind2=" ">
    <subfield code="a">&#x41E;&#x441;&#x435;&#x43D;&#x43D;&#x438;&#x439; &#x43D;&#x430;&#x442;&#x44E;&#x440;&#x43C;&#x43E;&#x440;&#x442;</subfield>
    <subfield code="b">&#x41D;&#x43E;&#x442;&#x44B;</subfield>
    <subfield code="d">Autumnal still life</subfield>
    <subfield code="e">&#x43F;&#x44C;&#x435;&#x441;&#x44B; &#x434;&#x43B;&#x44F; &#x431;&#x430;&#x44F;&#x43D;&#x430; (&#x430;&#x43A;&#x43A;&#x43E;&#x440;&#x434;&#x435;&#x43E;&#x43D;&#x430;)</subfield>
    <subfield code="e">&#x443;&#x447;&#x435;&#x431;. &#x437;&#x430;&#x432;&#x435;&#x434;&#x435;&#x43D;&#x438;&#x44F; &#x43F;&#x440;&#x43E;&#x444;. &#x438; &#x434;&#x43E;&#x43F;. &#x43E;&#x431;&#x440;&#x430;&#x437;&#x43E;&#x432;&#x430;&#x43D;&#x438;&#x44F;</subfield>
    <subfield code="f">&#x412;. &#x41A;&#x430;&#x440;&#x43E;&#x43D;&#x438;&#x43A;</subfield>
    <subfield code="g">&#x43F;&#x440;&#x435;&#x434;&#x438;&#x441;&#x43B;. &#x410;. &#x421;&#x443;&#x445;&#x43E;&#x446;&#x43A;&#x43E;&#x433;&#x43E;</subfield>
    <subfield code="z">eng</subfield>
  </datafield>
  <datafield tag="210" ind1=" " ind2=" ">
    <subfield code="a">&#x421;&#x430;&#x43D;&#x43A;&#x442;-&#x41F;&#x435;&#x442;&#x435;&#x440;&#x431;&#x443;&#x440;&#x433;</subfield>
    <subfield code="c">&#x41A;&#x43E;&#x43C;&#x43F;&#x43E;&#x437;&#x438;&#x442;&#x43E;&#x440; - &#x421;&#x430;&#x43D;&#x43A;&#x442;-&#x41F;&#x435;&#x442;&#x435;&#x440;&#x431;&#x443;&#x440;&#x433;</subfield>
    <subfield code="d">2012</subfield>
  </datafield>
  <datafield tag="215" ind1=" " ind2=" ">
    <subfield code="a">41 &#x441;.</subfield>
    <subfield code="d">29 &#x441;&#x43C;</subfield>
  </datafield>
  <datafield tag="327" ind1="1" ind2=" ">
    <subfield code="a">1. &#x41E;&#x441;&#x435;&#x43D;&#x43D;&#x438;&#x439; &#x43D;&#x430;&#x442;&#x44E;&#x440;&#x43C;&#x43E;&#x440;&#x442;; 2. &#x410;&#x434;&#x430;&#x436;&#x438;&#x43E;; 3. &#x41E;&#x441;&#x435;&#x43D;&#x43D;&#x435;&#x435; &#x43E;&#x434;&#x438;&#x43D;&#x43E;&#x447;&#x435;&#x441;&#x442;&#x432;&#x43E;; 4. &#x41D;&#x435;&#x43F;&#x440;&#x438;&#x43D;&#x443;&#x436;&#x434;&#x451;&#x43D;&#x43D;&#x43E;&#x441;&#x442;&#x44C;; 5. &#x41D;&#x435;&#x436;&#x43D;&#x43E;&#x441;&#x442;&#x44C;; 6. &#x418;&#x437;&#x44F;&#x449;&#x435;&#x441;&#x442;&#x432;&#x43E; &#x438; &#x433;&#x440;&#x430;&#x446;&#x438;&#x43E;&#x437;&#x43D;&#x43E;&#x441;&#x442;&#x44C;; 7. &#x42D;&#x43B;&#x435;&#x433;&#x430;&#x43D;&#x442;&#x43D;&#x43E;&#x441;&#x442;&#x44C;; 8. &#x413;&#x440;&#x443;&#x441;&#x442;&#x44C;; 9. &#x42D;&#x43A;&#x441;&#x43F;&#x440;&#x43E;&#x43C;&#x442;; 10. &#x413;&#x440;&#x443;&#x441;&#x442;&#x43D;&#x44B;&#x439; &#x432;&#x435;&#x447;&#x435;&#x440;; 11. &#x413;&#x440;&#x44F;&#x434;&#x443;&#x449;&#x438;&#x439; &#x434;&#x435;&#x43D;&#x44C;; 12. &#x41E;&#x441;&#x435;&#x43D;&#x43D;&#x438;&#x439; &#x432;&#x435;&#x447;&#x435;&#x440; &#x432; &#x418;&#x43C;&#x430;&#x440;&#x442;&#x435;</subfield>
  </datafield>
  <datafield tag="686" ind1=" " ind2=" ">
    <subfield code="a">&#x429;954.698&#x44F;44(2&#x420;=&#x420;&#x443;&#x441;)</subfield>
    <subfield code="v">LBC/SL</subfield>
    <subfield code="2">rubbk</subfield>
  </datafield>
  <datafield tag="686" ind1=" " ind2=" ">
    <subfield code="a">&#x429;954.798&#x44F;44(2&#x420;=&#x420;&#x443;&#x441;)</subfield>
    <subfield code="v">LBC/SL</subfield>
    <subfield code="2">rubbk</subfield>
  </datafield>
  <datafield tag="700" ind1=" " ind2="1">
    <subfield code="9">z01790</subfield>
    <subfield code="a">&#x41A;&#x430;&#x440;&#x43E;&#x43D;&#x438;&#x43A;</subfield>
    <subfield code="b">&#x412;. &#x41D;.</subfield>
    <subfield code="f">1945-</subfield>
    <subfield code="g">&#x412;&#x438;&#x442;&#x430;&#x43B;&#x438;&#x439; &#x41D;&#x438;&#x43A;&#x43E;&#x43B;&#x430;&#x435;&#x432;&#x438;&#x447;</subfield>
    <subfield code="4">230</subfield>
    <subfield code="7">ca</subfield>
  </datafield>
  <datafield tag="702" ind1=" " ind2="1">
    <subfield code="9">z03790</subfield>
    <subfield code="a">&#x421;&#x443;&#x445;&#x43E;&#x446;&#x43A;&#x438;&#x439;</subfield>
    <subfield code="b">&#x410;. &#x410;.</subfield>
    <subfield code="f">1941-</subfield>
    <subfield code="g">&#x410;&#x43B;&#x435;&#x43A;&#x441;&#x430;&#x43D;&#x434;&#x440; &#x410;&#x43B;&#x435;&#x43A;&#x441;&#x430;&#x43D;&#x434;&#x440;&#x43E;&#x432;&#x438;&#x447;</subfield>
    <subfield code="4">080</subfield>
  </datafield>
  <datafield tag="790" ind1=" " ind2="1">
    <subfield code="9">z01700</subfield>
    <subfield code="a">Karonik</subfield>
    <subfield code="b">V. N.</subfield>
    <subfield code="f">1945-</subfield>
    <subfield code="g">Vitalij Nikolaevich</subfield>
    <subfield code="4">230</subfield>
  </datafield>
  <datafield tag="790" ind1=" " ind2="1">
    <subfield code="9">z03702</subfield>
    <subfield code="a">Suxoczkij</subfield>
    <subfield code="b">A.</subfield>
    <subfield code="f">1941-</subfield>
    <subfield code="g">Aleksandr</subfield>
    <subfield code="4">080</subfield>
  </datafield>
  <datafield tag="801" ind1=" " ind2="0">
    <subfield code="a">RU</subfield>
    <subfield code="b">NLR</subfield>
    <subfield code="c">20160811</subfield>
    <subfield code="g">PSBO</subfield>
  </datafield>
  <datafield tag="801" ind1=" " ind2="1">
    <subfield code="a">RU</subfield>
    <subfield code="b">NLR</subfield>
    <subfield code="c">20160811</subfield>
    <subfield code="2">rusmarc</subfield>
  </datafield>
  <datafield tag="801" ind1=" " ind2="2">
    <subfield code="a">RU</subfield>
    <subfield code="b">NLR</subfield>
    <subfield code="c">20161208</subfield>
  </datafield>
  <datafield tag="852" ind1=" " ind2=" ">
    <subfield code="a">NLR</subfield>
    <subfield code="b">&#x41C;</subfield>
    <subfield code="j">&#x41A;-3/26724</subfield>
    <subfield code="p">2013-22&#x43D;/370&#x43D;</subfield>
    <subfield code="t">1</subfield>
  </datafield>
  <datafield tag="942" ind1=" " ind2=" ">
    <subfield code="c">SCORE</subfield>
  </datafield>
  <datafield tag="980" ind1=" " ind2=" ">
    <subfield code="a">NB</subfield>
  </datafield>
  <datafield tag="980" ind1=" " ind2=" ">
    <subfield code="a">ONIZ</subfield>
  </datafield>
  <datafield tag="995" ind1=" " ind2=" ">
    <subfield code="5">2016-08-11</subfield>
    <subfield code="b">NLR01</subfield>
    <subfield code="c">NLR01</subfield>
    <subfield code="e">ONIZ</subfield>
    <subfield code="k">&#x41A;-3/26724 &#x41A;-3/26724</subfield>
    <subfield code="o">0</subfield>
    <subfield code="r">SCORE</subfield>
    <subfield code="s">326724_326724</subfield>
  </datafield>
</record>
